Swami Vivekananda/ (Record no. 190682)

MARC details
000 -LEADER
fixed length control field 00603nam a22001937a 4500
005 - DATE AND TIME OF LATEST TRANSACTION
control field 20220802152149.0
010 ## - LCCN (DPL NO)
LC control number ENG-134167
020 ## - INTERNATIONAL STANDARD BOOK NUMBER
Terms of availability 950.00
International Standard Book Number 9789384566166
035 ## - SYSTEM CONTROL NUMBER
System control number EN-117699
037 ## - SOURCE OF ACQUISITION
Source of stock number/acquisition DBAD/PUB
082 ## - DEWEY DECIMAL CLASSIFICATION NUMBER
Classification number 181.46
100 ## - MAIN ENTRY--PERSONAL NAME
Personal name Dutt,Mohendranath
245 ## - TITLE STATEMENT
Title Swami Vivekananda/
Statement of responsibility, etc by Mohendranath Dutt;translated by Bhaskar Ray
260 ## - PUBLICATION, DISTRIBUTION, ETC. (IMPRINT)
Name of publisher, distributor, etc Institute of Social and Cultural Studies
Date of publication, distribution, etc 2019
Place of publication, distribution, etc KolKata
270 ## - ADDRESS
Address 48/2,Dr.Suresh Shankar Road,
City Kolkata
Postal code 700014
300 ## - PHYSICAL DESCRIPTION
Extent 498p.:
Dimensions 22cm(Hb}
Other physical details ill.
700 ## - ADDED ENTRY--PERSONAL NAME
Personal name Ray,Bhaskar
942 ## - ADDED ENTRY ELEMENTS (KOHA)
Source of classification or shelving scheme Dewey Decimal Classification
Item type English Books
Classification part 181.46
Call number suffix DUT
Holdings
Withdrawn status Lost status Not for loan Collection code Home library Current library Date acquired Source of acquisition Cost, normal purchase price Full call number Barcode Copy number Cost, replacement price Koha item type
      Non-fiction Bawana Bawana 02/08/2022 DBAD/PUB 950.00 181.46 DUT EN-117699 1 950.00 English Books

© Delhi Public Library
Hit Counter
free hit counter